000 00422nam a2200181Ia 4500
003 GCL
008 140319s9999 xx 000 0 eng d
040 _aGCL /
_cGCL
082 0 4 _a780.268
_bRR
100 1 _aROSEN, MICHAEL
245 1 0 _aRAP WITH ROSEN /
_cROSEN, MICHAEL
260 _a[S.N] :
_bLONGMAN ،
_c1995
300 _a47
650 0 4 _aPOEMS
650 0 4 _aMUSIC
650 0 4 _aENGLISH POEMS
942 _2ddc
_cBK
999 _c25339
_d25339